000 00761nmm a2200253 a 4500
001 ocm0001411749
003 TR-IsHL
005 20201028164804.0
008 160220s2016 tu eng
007 cr cn
020 _a9786059654173
035 _a1411749
_b(N$T)
050 0 4 _aQC16
_b.T96 2016
090 0 4 _aQC16
_b.T96 2016
100 1 _aTyndall, John
245 1 0 _aFaraday as a discoverer
_h[electronic resource] /
_cJohn Tyndall
260 _aİstanbul :
_bE-Kitap Projesi,
_c2016
650 4 _aFizik
650 4 _aPhysics
650 0 _aFizikçiler
650 0 _aPhysicists
650 7 _aBIOGRAPHY & AUTOBIOGRAPHY / Medical
_2bisacsh
856 4 0 _uhttp://search.ebscohost.com/login.aspx?direct=true&scope=site&db=e011xww&AN=1411749
999 _c15705
_d15705